000 00775nam a2200229Ia 4500
003 OSt
005 20220923221712.0
006 a|||||r|||| 00| 0
007 ta
008 220922b |||||||| |||| 00| 0 hin d
024 _a199,469
037 _cTextual
040 _aARTS
_cARTS
_bhin
041 _2hin
_ahin
082 _aQ1:2:90Y15, 152K4
100 _aपंशान्त कुमार
_9156369
245 0 _aवैदिक साहित्य में नारी यवेषणात्मक लधु प्रबन्ध
246 _aVaidik sāhitya mean nārī yaveṣhaṇātmak ladhu prabandha
260 _c1981
942 _hQ1:2:90Y15, 152K4
_cTEXL
_2CC
999 _c351209
_d351209